[Event "Vladimir Bato Kontic Memorial 2021"]
[Site "Niksic"]
[Date "2021.04.18"]
[Round "3.1"]
[White "Suleymanli, Aydin"]
[Black "Bogosavljevic, Boban"]
[Result "1/2-1/2"]
[WhiteElo "2520"]
[BlackElo "2523"]
[Annotator "TA"]
[PlyCount "63"]
[EventDate "2021.04.17"]
[EventType "swiss"]
[EventCountry "MNE"]
[SourceTitle "playchess.com"]
[Source "ChessBase"]
[SourceQuality "1"]

{[%evp 10,63,0,0,0,0,0,0,0,0,-9,0,0,0,-7,0,0,0,0,-25,-32,-32,0,0,-2,-6,0,0,3,-58,19,18,24,4,20,0,0,-8,-20,-5,0,0,0,0,11,11,2,0,0,0,0,0,0,0,0,0]} 1. d4 Nf6 2. c4 e6 3. Nc3 Bb4 4. f3 c5 5. d5 O-O 6. e4 b5 {The modern move. E20: Nimzo-Indian: 4 g3 and 4 f3.} 7. Nh3 bxc4 8. Bxc4 exd5 9. Bxd5 Nxd5 10. Qxd5 Ba6 11. Be3 Nc6 {[#]} 12. Kf2 $146 ({Predecessor:} 12. Nf4 Qh4+ 13. g3 Qf6 14. Kf2 Bxc3 15. bxc3 Rab8 16. Rad1 Ne5 17. Bxc5 Rb2+ 18. Rd2 {0-1 (52) Radjabov,T (2765)-So,W (2770) chess24.com INT 2021}) 12... Qh4+ 13. Kg1 {Threatens to win with Bg5.} Qf6 14. Qd2 Rab8 15. Nf4 $1 Bc4 16. h4 Ba5 {Threatening ...Rxb2!} 17. Rd1 ({But not} 17. Bxc5 $2 Rxb2 $3 {[%mdl 512]} 18. Qxb2 Bxc3 $19) 17... Rb7 18. Bxc5 Rfb8 19. Qd6 (19. Nfd5 $11 Qe5 20. Ba3) 19... Bxc3 ({Much worse is} 19... Rxb2 $6 20. Qxf6 gxf6 21. Ncd5 $14) (19... Qd8 $1 $15 20. Ncd5 Rxb2) 20. bxc3 $11 Qxc3 21. a3 h6 {The position is equal.} 22. Rh3 Rb1 23. Kh2 ({Not} 23. Qxd7 $2 {[#]} Ba2 $1 $19) 23... Rxd1 24. Qxd1 Be6 25. Nxe6 dxe6 26. Qd6 Qe5+ (26... Rc8 {feels hotter.} 27. f4 Qf6 28. Be3 Qc3 29. Rg3 Qc4) 27. Qxe5 Nxe5 28. Bd6 Rb5 29. a4 Ra5 30. Bc7 $1 {[%cal Rc7a5]} Rc5 31. Bd6 {[%cal Rd6c5]} Ra5 32. Bc7 $1 {[%cal Rc7a5] Not much happened in this game.  Weighted Error Value: White=0.07/Black=0.07} 1/2-1/2

[Event "Vladimir Bato Kontic Memorial 2021"]
[Site "Niksic"]
[Date "2021.04.18"]
[Round "3.2"]
[White "Draskovic, Luka"]
[Black "Dardha, Daniel"]
[Result "1/2-1/2"]
[WhiteElo "2472"]
[BlackElo "2516"]
[Annotator "TA"]
[PlyCount "120"]
[EventDate "2021.04.17"]
[EventType "swiss"]
[EventCountry "MNE"]
[SourceTitle "playchess.com"]
[Source "ChessBase"]
[SourceQuality "1"]

{[%evp 9,120,26,31,43,35,35,35,36,29,37,25,32,34,24,43,28,52,33,38,25,55,21,26,34,89,28,43,46,49,34,25,21,42,34,24,-8,-10,-20,-17,-30,-16,-29,8,0,0,0,0,-13,8,0,0,0,0,0,0,0,0,0,0,-17,0,0,0,0,0,-33,0,0,0,0,0,0,0,0,0,-37,-37,-38,-37,-36,-36,-40,0,-120,-120,-120,-117,-120,-120,-115,-95,-93,-66,-121,-54,-51,-58,-66,-45,-45,-45,-52,0,0,0,0,0,0,0,0,0,0,0]} 1. e4 c5 2. Nf3 Nc6 3. Bb5 e5 4. O-O Bd6 5. c3 a6 6. Ba4 {B30: Sicilian: 2...Nc6 3 Bb5, lines without ...g6.} b5 7. Bb3 c4 8. Bc2 {White is slightly better.} Nf6 9. d3 cxd3 $1 10. Qxd3 Be7 {[#]} 11. Bg5 $146 ({Predecessor:} 11. Rd1 d6 12. Bg5 O-O 13. Nbd2 Be6 14. Bb3 Nh5 15. Bxe6 fxe6 16. Be3 d5 17. a4 {½-½ (40) Binas,J (2357)-Caruso,A (2331) ICCF email 2016}) 11... O-O 12. Rd1 Qb6 13. Bxf6 Bxf6 14. Nbd2 Be7 15. Bb3 Bc5 16. Qe2 Qd8 ({Black should play} 16... Rb8 $14) 17. Nf1 (17. Bd5 $16) 17... d6 18. Bd5 Qc7 19. Ng3 Rb8 20. Nf5 Ne7 21. Nxe7+ $1 Qxe7 22. Rd3 a5 23. Nd2 Kh8 24. Kh1 g6 25. Rf1 h5 26. h3 Kg7 27. f4 exf4 $1 28. Rxf4 Be6 29. Nb3 Bb6 30. Bxe6 fxe6 31. Rff3 e5 32. Nd2 Bc5 33. Nb3 Bb6 34. Nd2 a4 (34... Rbc8 {looks sharper.} 35. Rg3 Bf2 36. Rgf3 Ba7 37. Rg3 Kh7) 35. a3 Bc5 36. Rxf8 Rxf8 37. Nf3 Rf4 38. g3 $1 {[%cal Rg3f4]} Rf8 39. h4 Qe6 {[#] Hoping for ...Qh3+.} 40. Kg2 Qg4 {next ...g5! is good for Black.} 41. Rd2 $1 g5 {White must now prevent ...gxh4.} 42. Nxg5 {Threatens to win with Qxg4.} (42. Qd3 {seems wilder.} gxh4 43. Nxh4 Kh7 44. Nf5 Rf6 45. Kh2) 42... Rf2+ 43. Qxf2 Bxf2 44. Kxf2 $15 {[%mdl 4096] Endgame KQ-KRN} Qc8 45. Kg2 Qc4 {[%mdl 1024] Black has compensation.} 46. Rf2 {[#]} (46. Rxd6 $11 Qe2+ 47. Kg1) 46... Qd3 $1 $17 47. Rf3 Qb1 48. Rf2 Qe1 49. Rf1 Qe2+ 50. Rf2 Qc4 51. Kg1 (51. Rd2 $15) 51... Kg6 ({Better is} 51... Kg8 $17 52. Rd2 Kf8) 52. Rd2 $15 Qc5+ 53. Rf2 d5 54. exd5 $1 Qxd5 55. Re2 $1 Qd1+ (55... Kf5 $1 $15) 56. Kf2 $11 {The position is equal.} Kf5 57. Nf3 e4 58. Nd4+ Ke5 {Strongly threatening ...Qh1.} 59. Nf3+ $1 Kf5 60. Nd4+ Ke5 {Weighted Error Value: White=0.09/Black=0.09} 1/2-1/2

[Event "Vladimir Bato Kontic Memorial 2021"]
[Site "Niksic"]
[Date "2021.04.18"]
[Round "3.3"]
[White "Djukic, Nikola"]
[Black "Kisic, Bozidar"]
[Result "1/2-1/2"]
[WhiteElo "2515"]
[BlackElo "2263"]
[Annotator "TA"]
[PlyCount "92"]
[EventDate "2021.04.17"]
[EventType "swiss"]
[EventCountry "MNE"]
[SourceTitle "playchess.com"]
[Source "ChessBase"]
[SourceQuality "1"]

{[%evp 15,92,18,47,20,51,8,53,54,54,-15,-22,-58,43,28,33,24,39,35,51,-66,0,-29,0,0,0,-23,-7,-16,0,0,25,29,39,0,0,0,27,0,0,0,0,0,0,0,115,0,0,0,0,0,0,0,125,132,197,187,416,420,391,388,562,560,495,256,250,255,250,244,241,237,711,0,0,0,0,0,0,0,0]} 1. e4 c5 2. Nf3 g6 3. d4 cxd4 4. Nxd4 Bg7 5. Nc3 Nc6 6. Be3 Nf6 7. Bc4 O-O 8. Bb3 a6 9. f3 {B35: Sicilian: Accelerated Dragon with 5 Nc3: main line.} Qc7 10. g4 e6 11. Qd2 $1 {White is slightly better.} b5 {[#]} 12. a4 $146 (12. O-O-O $14) ({Predecessor:} 12. O-O-O Bb7 13. Kb1 Rfd8 14. h4 d5 15. g5 Nh5 16. exd5 Ne5 17. Qf2 exd5 18. Ndxb5 axb5 {0-1 (27) Tsaknakis,Z (2148)-Petrov,M (2434) Thessaloniki 2018}) 12... b4 $11 13. Nce2 Nxd4 ({Black should try} 13... Na5 $1 $15 14. Qxb4 Re8) 14. Bxd4 $14 (14. Qxd4 d5 $15) 14... d5 15. g5 (15. Qxb4 dxe4 16. g5 Nd5 $11) 15... Nh5 16. Bxg7 Nxg7 17. Ng3 (17. exd5 $14 Bb7 18. O-O-O (18. Qxb4 Bxd5 19. Bxd5 exd5 $11)) 17... a5 ({Black should play} 17... dxe4 $15 18. Nxe4 Rd8 19. Qxb4 Bb7 20. Nf6+ Kh8) 18. O-O-O Bb7 19. Kb1 {[%cal Re4d5]} Rfd8 {White must now prevent ...dxe4.} 20. Qe3 dxe4 21. fxe4 Rxd1+ 22. Rxd1 Rd8 23. Rxd8+ Qxd8 24. Kc1 Qa8 (24... Ne8 {is more complex.} 25. Bc4 Qc7 26. Bb5 Nd6 27. h4 Bc6) 25. Bc4 Ba6 26. Bxa6 Qxa6 27. Qc5 Nh5 $1 28. Qb5 (28. Kd2 {feels hotter.} Qa8 29. Ke3 Nxg3 30. hxg3 Qb8 31. Kf3) 28... Qa7 29. Ne2 Qe3+ (29... Nf4 $11) 30. Kd1 ({Only move:} 30. Kb1 $1 $16) 30... Qxe4 $11 31. Qxa5 {Hoping for Qd8+.} e5 32. Qd8+ (32. Qb6 {with more complications.} Qd5+ 33. Kc1 Qe4 34. Kd2 Nf4 35. Ng3) 32... Kg7 33. a5 b3 (33... Nf4 $11 34. Qf6+ Kg8 35. Qd8+ Kg7 36. Nxf4 exf4) 34. cxb3 $16 Nf4 (34... Qf3 $16) 35. Nc3 $1 $18 {[%cal Rc3e4]} Qh1+ (35... Qe3 {might work better.}) 36. Kc2 Qxh2+ 37. Kb1 Qg1+ (37... h5 {was necessary.} 38. gxh6+ Qxh6) 38. Ka2 Qe3 {Black hopes to continue with ...Nd3.} 39. a6 (39. Qe7 $142 {Strongly threatening a6.} Nd3 40. b4 (40. Qf6+ Kg8 $16)) 39... Nd3 {[#]} 40. Qf6+ $1 Kg8 41. Qd6 Qd2 {[%csl Gd3][%cal Rd2b2]} 42. Qa3 {And now a7 would win.} ({Inferior is} 42. Qd8+ Kg7 $11) 42... Qe1 $2 {[#]} (42... Qc2 43. a7 Nc1+ 44. Ka1 Nxb3+ 45. Qxb3 Qxb3 46. a8=Q+ Kg7) 43. a7 $2 (43. Qa5 $1 $18 {[%cal Ra5d8]} Qd2 44. Ka3 (44. Qd8+ Kg7 $11) 44... Qxb2+ 45. Ka4) 43... Nc1+ $11 {The position is equal.} 44. Kb1 Ne2+ 45. Ka2 Nc1+ 46. Kb1 Ne2+ {Weighted Error Value: White=0.34/Black=0.36} 1/2-1/2

[Event "Vladimir Bato Kontic Memorial 2021"]
[Site "Niksic"]
[Date "2021.04.18"]
[Round "3.4"]
[White "Niemann, Hans Moke"]
[Black "Nikcevic, Nebojsa"]
[Result "1-0"]
[WhiteElo "2508"]
[BlackElo "2393"]
[Annotator "TA"]
[PlyCount "161"]
[EventDate "2021.04.17"]
[EventType "swiss"]
[EventCountry "MNE"]
[SourceTitle "playchess.com"]
[Source "ChessBase"]
[SourceQuality "1"]

{[%evp 9,161,23,17,13,24,22,50,48,52,56,70,46,35,38,35,33,33,32,49,51,67,33,25,0,43,52,52,56,53,0,122,123,207,195,194,197,195,154,189,168,194,169,166,118,129,118,152,133,152,139,144,144,152,131,132,135,152,141,148,138,148,148,155,149,170,164,169,150,150,156,153,137,156,147,166,169,175,167,173,171,234,195,199,186,220,220,220,220,212,197,220,218,212,202,202,195,233,216,270,270,264,263,263,263,263,263,263,221,255,239,365,357,703,672,613,387,589,532,463,572,451,437,378,317,487,479,11102,6606,29942,12518,9570,5728,29974,29975,29975,29972,29976,29977,29977,29978,29978,29979,29980,29981,29981,29982,29982,29983,29983,29984,29985,29986,29986,29987]} 1. e4 c5 2. Nf3 Nc6 3. Bb5 g6 4. Bxc6 bxc6 5. d4 Bg7 6. dxc5 {B31: Sicilian: 2...Nc6 3 Bb5 g6.} Qa5+ 7. Nbd2 Ba6 8. Rb1 {White is slightly better.} Qxc5 9. c4 Nf6 (9... Bxc4 $2 10. Qc2 $18) 10. b4 Qb6 11. Bb2 O-O 12. Bd4 Qc7 13. O-O d6 14. e5 {[#]} Nd7 $146 {[%cal Rd6e5]} ({Predecessor:} 14... dxe5 15. Bxe5 Qc8 16. Qc2 c5 17. b5 Bb7 18. Rfe1 Qg4 19. h3 Qh5 20. Rb3 Qf5 21. Qxf5 gxf5 {1-0 (33) Santos Latasa,J (2546)-Luch,M (2396) Lisbon 2018}) 15. e6 {Strongly threatening Bxg7.} Bxd4 16. Nxd4 (16. exd7 Bf6 $17) 16... c5 17. exf7+ $1 ({But not} 17. exd7 cxd4 18. Qa4 (18. b5 Bb7 $17) 18... Bb7 $15) 17... Rxf7 18. Ne6 Qc8 19. Qe2 (19. b5 $14 Bb7 20. Qe2) 19... Ne5 {[#]} (19... Rf5 $11 {keeps the balance.} 20. b5 Re5 $1) 20. Nxc5 $1 $16 {[%mdl 512]} Bxc4 (20... dxc5 21. Qxe5) 21. Nxc4 $18 Nxc4 22. Qxc4 dxc5 23. Rbc1 ({Much less strong is} 23. Qxc5 $6 Qxc5 24. bxc5 Rc8 $16) 23... Kg7 24. Qe4 ({Don't play} 24. Qxc5 Qxc5 25. bxc5 Rc8 $16) 24... c4 25. Rxc4 Qa6 26. Rc7 Rd8 27. Qc2 Qb6 28. Qc3+ Kg8 29. Rc5 Qe6 30. a3 Qe2 {( -> ...Qxf2+!)} 31. Rc8 Rxc8 32. Qxc8+ $16 {[%mdl 4096] Endgame KQR-KQR} Kg7 33. Qc3+ Rf6 34. f3 {Re1 is the strong threat.} Kf7 35. Re1 Qa2 36. Re4 Qb1+ 37. Kf2 $1 Qa2+ 38. Re2 Qd5 39. Qe3 $36 {[%mdl 2048] White has strong initiative.} Qb7 40. h3 Qd7 41. Qe5 a6 42. Qc5 Qb7 43. Rd2 Kg7 44. Rd8 h5 (44... Qe4 {was necessary.} 45. Rd7 Kf7) 45. Rc8 Qd7 46. Kg3 Kf7 47. Qc4+ Re6 48. Rc7 Qd6+ 49. Qf4+ $1 Rf6 50. Qxd6 Rxd6 $18 {KR-KR} 51. Ra7 Kf6 52. Kf4 g5+ 53. Ke3 h4 54. Rc7 e6 55. Rc5 Kg6 56. a4 Kf6 57. Rc8 Rd1 58. a5 Re1+ 59. Kd3 Rd1+ (59... Rb1 $142 60. Ra8 Rxb4) 60. Kc2 $1 {[%cal Rc2d1]} Ra1 (60... Rg1 61. Kb3 Ke5 62. Rc5+ Kd4) 61. Kb2 Rd1 62. Rb8 Rd2+ (62... Ke5 $142 63. b5 axb5) 63. Kb3 Rd3+ 64. Kc4 Rd2 65. b5 axb5+ 66. Rxb5 {aiming for Kc5.} Rxg2 {[#]} (66... Ke7 {keeps fighting.} 67. Rxg5 Kd6) 67. Rb4 $1 Ra2 (67... Ke7 $142 68. a6 Kd7) 68. Kb5 Ra3 69. a6 Ke5 70. Kb6 Rxf3 71. a7 {White mates.} Rf8 72. Ka6 Ra8 73. Kb7 Rf8 74. a8=Q Rxa8 75. Kxa8 {KR-K3P} Kf5 76. Kb7 e5 {[#]} 77. Kc6 $1 e4 78. Kd5 e3 79. Re4 e2 80. Rxe2 Kf4 81. Rg2 {Weighted Error Value: White=0.08/Black=0.20} 1-0

[Event "Vladimir Bato Kontic Memorial 2021"]
[Site "Niksic"]
[Date "2021.04.18"]
[Round "3.5"]
[White "Runic, Zoran"]
[Black "Sanal, Vahap"]
[Result "1/2-1/2"]
[WhiteElo "2378"]
[BlackElo "2572"]
[Annotator "TA"]
[PlyCount "153"]
[EventDate "2021.04.17"]
[EventType "swiss"]
[EventCountry "MNE"]
[SourceTitle "playchess.com"]
[Source "ChessBase"]
[SourceQuality "1"]

{[%evp 20,153,63,60,61,19,68,62,112,138,196,177,168,168,231,222,211,234,234,228,194,146,139,145,148,122,124,106,117,122,123,123,120,119,166,123,125,122,125,117,136,106,117,102,132,113,175,164,179,116,314,283,340,340,339,337,836,837,779,745,1193,241,228,56,75,0,0,-47,0,0,19,0,6,11,8,11,62,0,0,0,0,0,0,0,0,0,80,0,0,0,8,5,199,0,12,-56,-56,-73,-8,-8,-8,-8,-8,-39,-8,-8,0,0,0,0,0,-8,-8,-8,0,-8,0,0,0,-8,-8,-8,0,0,0,0,0,0,0,0,0,-8,-8,-8,-8,-8]} 1. d4 Nf6 2. c4 g6 3. Nc3 Bg7 4. e4 O-O 5. Bd3 d6 6. Nge2 c5 7. d5 e6 8. O-O exd5 9. exd5 Re8 10. h3 Na6 11. Bg5 h6 {[#] E71: King's Indian: 4 e4 d6 5 h3.} 12. Bd2 $146 ({Predecessor:} 12. Bf4 Nc7 13. a4 Na6 14. Qd2 Nb4 15. Bb1 Kh7 16. Ng3 Bf8 17. h4 Ng4 18. h5 Qh4 19. hxg6+ fxg6 {½-½ (27) Janz,F (2284)-El Taher,F (2446) Pardubice 1999}) 12... Qe7 13. Ng3 Qf8 {White is slightly better.} 14. f4 Nc7 (14... Bd7 $16) 15. f5 $18 g5 16. h4 $1 Nh7 (16... g4 {was called for.} 17. Nce4 Nxe4 18. Nxe4 Bxb2) 17. f6 Nxf6 18. hxg5 Ng4 19. Nf5 Bxf5 20. Bxf5 Bd4+ 21. Kh1 Ne3 22. Qh5 Qg7 23. Bxe3 (23. Qxh6 Nxc4 24. g6 fxg6 $15) 23... Bxe3 24. Ne4 Rxe4 25. Bxe4 {aiming for g6.} Bxg5 26. Rae1 Re8 27. Re2 Re5 28. Bd3 Rxe2 29. Qxe2 Kf8 30. a3 Bf6 31. b4 {bxc5 is the strong threat.} cxb4 32. axb4 Be5 (32... Qg3 $16) 33. Qh5 Ke7 34. Qf3 ({Better is} 34. c5 $18) 34... Na6 $2 (34... b6 $16 {is a better defense.} 35. Qf5 Ne8) 35. c5 $1 Nxb4 36. c6 bxc6 37. dxc6 Kd8 (37... d5 38. Qh3 Nxc6) 38. c7+ {[%mdl 64] Decoy} Kxc7 39. Rc1+ Kb6 40. Qa8 $2 Qh8 {[#]} ({And not} 40... Nxd3 41. Rc6+ Ka5 42. Qxa7+ Kb5 43. Qb7+ Ka5 44. Ra6#) 41. Qe4 (41. Rc8 $1 $18 {White wants to mate with Qb8+.} Qxc8 42. Qxc8 Nxd3 43. Qb8+ Ka6 44. Qb3) 41... a5 $14 42. Qc4 (42. Qe3+ $1 $16 Bd4 43. Qe7) 42... Qd8 $1 $11 43. Qb5+ Ka7 44. Bf5 Na6 45. Bh3 {Hoping for Rc6.} Qb6 46. Qd5 f6 47. Bf5 Nc7 (47... h5 $1 $11) 48. Qg8 ({White should try} 48. Qa2 $14 d5 49. Rb1) 48... Bb2 $1 {[%cal Rb2c1]} 49. Rc2 Bd4 50. Rc1 {Strongly threatening Rb1.} Bb2 51. Rc2 Bd4 52. Rc1 Bc5 (52... Bb2 $1 $11 {remains equal.} 53. Rc2) 53. Rb1 (53. Qf8 $1 $16) 53... Bb4 54. Qg7 Qc5 55. Qxf6 a4 $2 {[#]} (55... Qe5 $11 56. Qxe5 dxe5) 56. Qxh6 $2 ({Only move:} 56. Qh4 $1 $18 {[%cal Rh4b4]} Na6 (56... Qxf5 57. Rxb4) 57. Bg4 (57. Bd3 Ba5 $18)) 56... a3 {[#]} 57. Qg7 Bc3 $15 {[%mdl 1024] Black has compensation.} 58. Qd7 {Threatening Qa4+.} Bb2 (58... a2 $17 59. Qa4+ Na6 60. Qxa2 Qxf5) 59. Qa4+ $11 Kb6 60. Bd3 $132 {[%mdl 2048] White puts up resistance} Qc3 61. Bc4 Kc5 62. Qa7+ {[%mdl 64] Double Attack. The position is equal.} Kxc4 (62... Kc6 $5 63. Qa4+ $8 Kc5 64. Qa7+ {[%mdl 64] Double Attack} Kc6 65. Qa4+ Kc5 $11) 63. Qxc7+ {[%mdl 4160] Endgame Double Attack. KQR-KQB} Kb3 64. Qxd6 Qc4 65. Qb6+ (65. Qd8 {with more complications.} Qe4 66. Rf1 Qh7+ 67. Kg1 Qa7+ 68. Kh1) 65... Kc2 (65... Ka2 $5 66. Rd1 $8 Qg4 $11) 66. Qg6+ Kb3 67. Qb6+ Kc3 (67... Ka2 $5 68. Rd1 $8 Qg4 $11) 68. Qf6+ Kb3 {Threatens to win with ...Ka2!} 69. Qb6+ Ka2 {( -> ...Qh4+)} (69... Kc2 $5 70. Qg6+ $8 Qd3 71. Qxd3+ Kxd3 $11) 70. Rd1 Bc1 71. Qf2+ Kb1 72. Qf5+ Kb2 73. Qf6+ Kb3 74. Rd6 Be3 {White must now prevent ...Qc1+.} 75. Qe6 Qxe6 76. Rxe6 Bd4 77. Ra6 {Blacks defense is rewarded with a draw.  Weighted Error Value: White=0.37/Black=0.23} 1/2-1/2

[Event "Vladimir Bato Kontic Memorial 2021"]
[Site "Niksic"]
[Date "2021.04.18"]
[Round "3.6"]
[White "Kalezic, Blazo"]
[Black "Tomic, Aleksandar"]
[Result "1-0"]
[WhiteElo "2456"]
[BlackElo "2377"]
[Annotator "TA"]
[PlyCount "47"]
[EventDate "2021.04.17"]
[EventType "swiss"]
[EventCountry "MNE"]
[SourceTitle "playchess.com"]
[Source "ChessBase"]
[SourceQuality "1"]

{[%evp 11,47,23,31,20,29,34,184,208,205,187,271,231,905,779,765,748,675,481,465,447,391,264,506,365,499,445,432,432,585,505,510,502,487,382,378,333,599,605]} 1. e4 c5 2. Nf3 e6 3. d4 cxd4 4. Nxd4 Nc6 5. Nc3 Nf6 6. Ndb5 Bc5 7. Nd6+ {B45: Sicilian Four Knights.} Ke7 $1 8. Bf4 Qb6 {[#]} ({Black should try} 8... e5 $14 9. Nf5+ Kf8) 9. Qd2 $1 $18 {White is clearly better.} Bxf2+ 10. Qxf2 Qxb2 {[#]} 11. Kd2 $146 {[%mdl 512]} ({Predecessor:} 11. Qc5 Qxa1+ 12. Kd2 b6 13. Qa3 Ba6 14. Ndb5+ Ke8 15. Qxa6 Na5 16. g3 d5 17. Nc7+ Kd8 18. exd5 {1-0 (18) Glushenkov,S (2313)-Gromov,S (2244) ICCF email 2013}) 11... Nb4 $2 (11... Qxa1 12. Qc5 Kf8) 12. Bd3 Nxd3 13. Kxd3 b6 14. Qd4 Ba6+ 15. Kd2 Qa3 16. g4 Qa5 $2 (16... Rhc8 17. Rhb1 Rc6) 17. Rhg1 Rhg8 18. Rg3 Ne8 {Black wants to play ...g5.} 19. g5 Rd8 20. Rb1 Qc5 21. Qxc5 bxc5 22. Nxe8 Rgxe8 23. Rb3 Bc8 $2 (23... d6 24. Ra3 Bc8 25. Rxa7+ Rd7) 24. Bc7 {White took control after the opening.  Weighted Error Value: White=0.50/Black=0.57} 1-0

[Event "Vladimir Bato Kontic Memorial 2021"]
[Site "Niksic"]
[Date "2021.04.18"]
[Round "3.7"]
[White "Potpara, Nikola"]
[Black "Osmak, Iulija"]
[Result "1/2-1/2"]
[WhiteElo "2370"]
[BlackElo "2428"]
[Annotator "TA"]
[PlyCount "95"]
[EventDate "2021.04.17"]
[EventType "swiss"]
[EventCountry "MNE"]
[SourceTitle "playchess.com"]
[Source "ChessBase"]
[SourceQuality "1"]

{[%evp 9,95,39,39,41,38,56,47,45,45,45,31,39,56,51,52,50,62,43,95,89,112,118,125,114,122,97,160,151,177,140,148,146,133,139,143,144,131,95,102,110,106,116,106,86,108,47,115,96,88,87,101,72,102,79,79,61,63,63,59,3,7,18,45,0,0,0,0,-510,18,18,17,17,17,17,18,20,22,0,0,0,0,0,5,0,0,0,3,0]} 1. c4 e5 2. g3 h5 3. Nf3 e4 4. Nh4 Be7 5. Nf5 d6 6. Nxe7 {A20: English Opening: 1...e5.} ({Avoid the trap} 6. Nxg7+ $2 Kf8 $19) 6... Qxe7 7. Nc3 Nf6 8. Bg2 {White is slightly better.} h4 9. d3 exd3 10. Qxd3 h3 11. Bf3 {[#]} Nbd7 $146 ({Predecessor:} 11... Nc6 12. O-O Ne5 13. Qd1 Nxf3+ 14. exf3 Be6 15. Bg5 O-O-O 16. Re1 Qd7 17. Ne4 Nxe4 18. Bxd8 {0-1 (34) Markowski,T (2573)-Andriasian,Z (2540) Polanica Zdroj 2007}) 12. Bg5 Ne5 13. Qe3 c6 (13... Qe6 $14) 14. b3 $1 $16 Bf5 15. O-O Qe6 16. Rad1 O-O 17. Bh1 Rfd8 ({Better is} 17... Nh7) 18. Qd4 Rd7 19. e4 Bg4 20. f3 {And now Bxf6 would win.} Bh5 21. Ne2 {aiming for Nf4.} Nh7 {[#]} 22. Nf4 $1 Qe8 23. Nxh3 Nxg5 24. Nxg5 a5 25. Nh3 f6 26. Nf4 Bf7 27. Ne2 (27. Nd3 $16) 27... a4 (27... d5 $14) 28. f4 c5 29. Qc3 Nc6 30. Bf3 Rdd8 31. Rd2 Bg6 32. Qe3 axb3 33. axb3 Ra3 34. Rd3 (34. Rb1 $14) 34... Nb4 $11 35. Rc3 Qe7 36. Qc1 Ra2 37. Qb1 Rda8 38. Rcc1 $2 {[%mdl 8192] [#]} (38. Nc1 $11 {and White has nothing to worry.} Rd2 39. Nd3) 38... Bxe4 $2 39. Qxe4 {The position is equal.} Qxe4 40. Bxe4 Rxe2 41. Rfe1 Rxe1+ 42. Rxe1 {[%mdl 4096] Endgame KRB-KRN} Nc6 43. Bg6 Kf8 44. Kg2 Ne7 45. Be4 Nc6 46. Bg6 Ne7 47. Be4 Nc6 48. Bg6 {What a bad dream for Black.  Weighted Error Value: White=0.31/Black=0.27} 1/2-1/2

[Event "Vladimir Bato Kontic Memorial 2021"]
[Site "Niksic"]
[Date "2021.04.18"]
[Round "3.9"]
[White "Injac, Teodora"]
[Black "Basso, Pier Luigi"]
[Result "1-0"]
[WhiteElo "2340"]
[BlackElo "2552"]
[Annotator "TA"]
[PlyCount "81"]
[EventDate "2021.04.17"]
[EventType "swiss"]
[EventCountry "MNE"]
[SourceTitle "playchess.com"]
[Source "ChessBase"]
[SourceQuality "1"]

{[%evp 9,81,32,54,41,62,55,93,75,77,61,66,33,40,45,44,11,3,8,20,3,25,26,39,-16,0,0,-3,-12,-2,-2,0,-8,0,0,25,0,0,0,0,0,0,0,0,0,0,0,0,-6,0,0,8,8,82,28,172,166,175,170,235,237,637,643,642,646,862,838,922,889,1766,1595,29982,29983,29983,29984]} 1. Nf3 g6 2. d4 Bg7 3. g3 d6 4. Bg2 Bd7 5. O-O Qc8 6. Re1 {A41: 1 d4 d6: Tartakower System and Modern Defence.} Bh3 7. e4 {[#]} h5 $146 ({Predecessor:} 7... Nc6 8. d5 Ne5 9. Nxe5 Bxe5 10. Nd2 Bg7 11. Nf3 Nf6 12. a4 O-O 13. Ra3 Bxg2 14. Kxg2 {1-0 (52) Gonda,L (2499)-Ivanisevic,I (2582) Hungary 2018}) 8. Bxh3 {White is better.} Qxh3 9. Ng5 Qd7 10. h4 (10. c3 $5 {[%cal Rd1b3]}) 10... Nh6 11. c3 Nc6 12. Qa4 f6 13. Nf3 e5 14. Nbd2 Nf7 15. Nc4 a6 {Strongly threatening ...b5.} 16. d5 (16. Qb3 $14) 16... Ne7 $11 17. Qxd7+ Kxd7 18. Be3 f5 19. Ng5 Nxg5 20. Bxg5 b5 21. Na5 Nc8 (21... Rae8 {feels hotter.} 22. a4 Rhf8 23. exf5 gxf5 24. Bxe7 Rxe7 25. Nc6 Ref7) 22. f3 (22. c4 {is more complex.} fxe4 23. Rxe4 Rf8 24. c5 dxc5 25. Rc1) 22... Bh6 23. Bxh6 Rxh6 24. Rac1 Ne7 25. c4 fxe4 26. fxe4 g5 27. hxg5 Rg6 28. Re3 Rxg5 29. Kf2 b4 30. c5 Rh8 (30... Rag8 $11 {remains equal.}) 31. c6+ ({Better is} 31. cxd6 $16 cxd6 32. Rc4) 31... Ke8 {[#] A mistake that costs the game.} (31... Kc8 $11 {and Black has nothing to worry.}) 32. Rc4 $1 $18 h4 {next ...Rf8+ is good for Black.} 33. Rxb4 {And now Rb8+ would win.} Kf7 {[#]} (33... Rf8+ $142 34. Ke2 Rxg3) 34. Rb7 $1 Kg6 $2 (34... h3) 35. Rxc7 Rf8+ 36. Kg2 h3+ 37. Kxh3 Rf2 38. g4 ({Worse is} 38. Rxe7 Rh5+ 39. Kg4 Rg5+ 40. Kh3 Rh5+ 41. Kg4 Rg5+ 42. Kh3 $11) 38... Ng8 39. Rd7 Rf6 40. c7 Rf8 41. Rd8 {Weighted Error Value: White=0.08/Black=0.58} 1-0

[Event "Vladimir Bato Kontic Memorial 2021"]
[Site "Niksic"]
[Date "2021.04.18"]
[Round "3.10"]
[White "Nikac, Predrag"]
[Black "Plenca, Jadranko"]
[Result "1/2-1/2"]
[WhiteElo "2318"]
[BlackElo "2472"]
[Annotator "TA"]
[PlyCount "43"]
[EventDate "2021.04.17"]
[EventType "swiss"]
[EventCountry "MNE"]
[SourceTitle "playchess.com"]
[Source "ChessBase"]
[SourceQuality "1"]

{[%evp 13,30,0,13,0,14,0,0,0,0,0,14,0,0,-11,0,0,0,0,0]} 1. e4 e5 2. Nf3 Nc6 3. Bc4 Nf6 4. d3 Bc5 5. O-O O-O 6. Nc3 {[%cal Bb1c3,Bc3e2,Be2g3][%mdl 32]} h6 $1 {[%mdl 4] is recently more successful than 6...d6.} 7. h3 d6 {The position is equal.} 8. a4 {C50: Hungarian Defence and Giuoco Pianissimo.} Ne7 9. Ne2 c6 10. Bb3 Ng6 11. Ng3 Re8 12. c3 Bb6 13. d4 exd4 14. Nxd4 d5 15. exd5 Nxd5 {[#] Not much happened in this game.  Weighted Error Value: White=0.06/Black=0.05} {Predecessor:} 16. Re1 $146 Rxe1+ 17. Qxe1 Bxd4 18. cxd4 Be6 19. Bc2 Qd7 20. Be3 Re8 21. Qd2 f5 22. Re1 {0-1 (73) Van Foreest,J (2678)-Radjabov,T (2765) chess.com INT 2020} 1/2-1/2